ბათუმის შოთა რუსთაველის სახელმწიფო უნივერსიტეტის ბიბლიოთეკა

ამღერებული მთები: (კავკასიონი) (ბიბ.ჩანაწერი № 41929)

000 -LEADER
fixed length control field 00939nam a2200229Ia 4500
001 - CONTROL NUMBER
control field 8613
003 - CONTROL NUMBER IDENTIFIER
control field GE_BSU
008 - FIXED-LENGTH DATA ELEMENTS--GENERAL INFORMATION
fixed length control field 181216s||||||||xx |||||||||||||| ||und||
040 ## - CATALOGING SOURCE
Transcribing agency GE_BSU
080 ## - UNIVERSAL DECIMAL CLASSIFICATION NUMBER
Universal Decimal Classification number 908(479.22)+821.353.1-4
100 ## - MAIN ENTRY--PERSONAL NAME
Personal name თომაძე, აბიბო
245 ## - TITLE STATEMENT
Title ამღერებული მთები: (კავკასიონი)
245 ## - TITLE STATEMENT
Remainder of title ჟურნალისტის ჩანაწერები
245 ## - TITLE STATEMENT
Statement of responsibility, etc. რედ.: მ. ვარდოსანიძე; მხატვ.რედ.: მ. ჭანიშვილი.
260 ## - PUBLICATION, DISTRIBUTION, ETC.
Place of publication, distribution, etc. თბილისი.
260 ## - PUBLICATION, DISTRIBUTION, ETC.
Name of publisher, distributor, etc. საქ. კპ ცკ–ის გამ–ბა.
260 ## - PUBLICATION, DISTRIBUTION, ETC.
Date of publication, distribution, etc. 1975
300 ## - PHYSICAL DESCRIPTION
Extent 231 გვ; 19 სმ.
653 ## - INDEX TERM--UNCONTROLLED
Uncontrolled term ამღერებული მთები
653 ## - INDEX TERM--UNCONTROLLED
Uncontrolled term კომუნისტური მშენებლობა საქართველოში;
942 ## - ADDED ENTRY ELEMENTS (KOHA)
Koha item type წიგნი
ეგზემპლარები
Withdrawn status Lost status Damaged status Not for loan Date acquired Barcode Date last seen Price effective from Koha item type
        2018-12-17 31033 2018-12-17 2018-12-17 წიგნი